Spelling improvement: (Record no. 639)

MARC details
000 -LEADER
fixed length control field 00686pam a2200241 4500
005 - DATE AND TIME OF LATEST TRANSACTION
control field 20260322212028.0
008 - FIXED-LENGTH DATA ELEMENTS--GENERAL INFORMATION
fixed length control field data
010 ## - LIBRARY OF CONGRESS CONTROL NUMBER
LC control number 72007049
020 ## - INTERNATIONAL STANDARD BOOK NUMBER
International Standard Book Number 0070204683 (pbk.)
-- 0070204683 (pbk.)
020 ## - INTERNATIONAL STANDARD BOOK NUMBER
International Standard Book Number 0070204683 (pbk.)
-- 0070204683 (pbk.)
040 ## - CATALOGING SOURCE
Original cataloging agency DLC
Transcribing agency DLC
Modifying agency DLC
050 00 - LIBRARY OF CONGRESS CALL NUMBER
Classification number PE1143
Item number .F4 1973
082 00 - DEWEY DECIMAL CLASSIFICATION NUMBER
Classification number 428/.1
092 ## - LOCALLY ASSIGNED DEWEY CALL NUMBER (OCLC)
Classification number 428.1 F4 1973
001 - CONTROL NUMBER
control field data
100 1# - MAIN ENTRY--PERSONAL NAME
Personal name Fergus, Patricia M.
245 10 - TITLE STATEMENT
Title Spelling improvement:
Remainder of title a program for self-instruction
Statement of responsibility, etc. Patricia M. Fergus.
250 ## - EDITION STATEMENT
Edition statement 2d ed.
260 ## - PUBLICATION, DISTRIBUTION, ETC.
Place of publication, distribution, etc. New York,
Name of publisher, distributor, etc. McGraw-Hill
Date of publication, distribution, etc. [1973]
300 ## - PHYSICAL DESCRIPTION
Extent xiv, 200 p.
Dimensions 23 cm.
650 #0 - SUBJECT ADDED ENTRY--TOPICAL TERM
Topical term or geographic name entry element English language
General subdivision Orthography and spelling.
650 #0 - SUBJECT ADDED ENTRY--TOPICAL TERM
Topical term or geographic name entry element Vocabulary.
Holdings
Withdrawn status Lost status Damaged status Not for loan Home library Current library Shelving location Date acquired Total checkouts Full call number Barcode Date last seen Price effective from Koha item type
        Centerville Centerville General stacks 22/03/2026   428/.1 BC0010656 22/03/2026 22/03/2026 Books